Word Ladder: Charlie and the Chocolate Factory Quiz Stats

 Plays Quiz Updated Apr 28, 2016

Challenge
Share
Tweet
Embed
Score 0/24 Timer 03:00
0 Plays Today
Clue 6-Letter Word % Correct
● U.S. landmark: _____ Gate Bridge ●● GOLDEN ●
99.4%
Idiom: The bigger they are, the _____ they fallHARDER
94.5%
DC Comics' Diana Prince: _____ WomanWONDER
92.9%
Idiom: Absence makes the heart grow _____FONDER
92.7%
Depart from the group: _____ offWANDER
90%
Southpaw: Left-_____HANDER
89.1%
Something to keep tabs on: Manila _____FOLDER
86.3%
Game show host: Bob _____BARKER
85.2%
Frances Hodgson Burnett novel: The Secret _____GARDEN
84.3%
Followed a mistaken course: _____ up the wrong treeBARKED
84.1%
Catcher in the Rye character: _____ CaulfieldHOLDEN
84%
Elton John song: _____ ManROCKET
83.5%
Clue 6-Letter Word % Correct
Houston Rockets shooting guard: James _____HARDEN
83.4%
Idiom: Out-of-_____ expensePOCKET
82.7%
● Board game: _____ to Ride ●● TICKET ●
81.5%
82nd Attorney General of the United States: Eric _____HOLDER
80%
Idiom: _____ into a cornerBACKED
80%
Protesting need: _____ signPICKET
79.9%
System where goods/services are traded: _____ economyBARTER
76.7%
Bridal wear: Wedding _____GARTER
76.4%
Barefoot Contessa chef: Ina _____GARTEN
70.8%
Emma Hart Willard poem: _____ in the Cradle of the DeepROCKED
66.4%
Bruno Mars song: _____ Out of HeavenLOCKED
56.5%
Court ruling against plaintiff: _____ standingLACKED
50.5%

Today's Daily Dose

You're not logged in!

Compare scores with friends on all Sporcle quizzes.
OR
Log In

You Might Also Like...

Show Comments

Extras

Top Quizzes Today


Score Distribution

Your Account Isn't Verified!

In order to create a playlist on Sporcle, you need to verify the email address you used during registration. Go to your Sporcle Settings to finish the process.

Report this User

Report this user for behavior that violates our Community Guidelines.

Details: